| 000 | 00419nam a22001697a 4500 | ||
|---|---|---|---|
| 003 | MACL | ||
| 005 | 20160115152832.0 | ||
| 008 | 160115b xxu||||| |||| 00| 0 eng d | ||
| 040 | _cMACL | ||
| 041 | _aEnglish | ||
| 082 | _a100/GAN | ||
| 100 |
_aGandhi,Ramchandra _932640 |
||
| 245 | _aI AM Thou | ||
| 260 |
_aPune _bIndian Philosophical Quartely Publications _c2011 |
||
| 650 |
_aPhilosophy _932641 |
||
| 942 |
_2ddc _cBK |
||
| 999 |
_c52475 _d52475 |
||